Správa slovenských jaskýň - integrujúci prvok slovenského jaskyniarstva 25 rokov od jej vzniku

Bibliographic Details
Main Author: Jakál, Jozef, 1936-2025 (Author)
Format: Article
Language:Slovak
PhysicalDescription:Tab. 1
Subjects:

MARC

LEADER 00000nab a2200000 a 4500
001 vtls000630018
003 SK-MaSNL
005 20260305002055.0
008 250425c1996 xo 0 slo
015 |a SNBRB19rr/mm-uuuuu 
035 |a CL0630157 
035 |a urn:nbn:sk:snk-abf31l 
035 |a (urnnbn)urn:nbn:sk:snk:ar-0025pn 
035 |a (uuid)674398c4-5930-4d5c-ac78-9e300ad84cb4 
040 |a SNKBUCL  |b slo  |c SNKBUCL  |e AACR2 
041 0 |a slo 
044 |a xo  |c SK 
080 |a 502.64:061.25(437.6):551.442(437.6)  |2 1981 
080 |a 551.442(437.6)  |2 1981 
100 1 |a Jakál, Jozef,  |d 1936-2025  |4 aut  |9 104902 
245 1 0 |a Správa slovenských jaskýň - integrujúci prvok slovenského jaskyniarstva  |b 25 rokov od jej vzniku  |c Jozef Jakál 
300 |b Tab. 1 
610 2 7 |a Správa slovenských jaskýň (Liptovský Mikuláš, Slovensko)  |2 snkbucl  |9 33354 
655 7 |a články z novín a časopisov  |2 snkbucl  |9 267496 
773 0 |t Aragonit  |g Č. 1 (1996), s. 24-26 
850 |a Slovenská národná knižnica 
852 |a Slovenská národná knižnica 
954 |a odborná, vedecká literatúra pôvodná (slovenská)  |2 lita 
958 |a article2022 
958 |a SK 
958 |a RK 
958 |a OND 
958 |a EUIPO 
992 |a RBX 
999 |c 3223638  |d 3225568